000 01163nam a2200325 4500
003 OSt
005 20260530115309.0
008 260508b19861996bl ||||| |||| 00| 0 por d
020 _a8586297011
040 _aICI
_bSPA
_cICI
050 _aNK1390
_bP74
100 1 _aAdelia Borges, Antonio Sagesse, Et Alt
_932561
245 1 0 _aPrêmio design /
_cAdélia Borges, Antonio Sagesse
264 1 _aSão Paulo :
_bMuseu da Casa Brasileira,
_c1996.
300 _a203 páginas
_bilustraciones a color
336 _atexto
_2rdacontent
337 _asin medio
_2rdamedia
338 _avolumen
_2rdacarrier
500 _aCatálogo y publicación relacionada con premios y exposiciones de diseño industrial en Brasil.
650 _aDiseño industrial
_zBrasil.
650 _aDiseño brasileño.
650 _aArtes decorativas modernas.
650 _aDiseño de mobiliario
_zBrasil.
_932565
650 _aPremios de diseño
_zBrasil.
_932566
650 _aExposiciones de diseño industrial.
_932567
700 _aBorges, Adélia,
_eautor.
700 _aSagesse, Antonio
_eautor.
_932569
710 _aMuseu da Casa Brasileira,
_eeditor.
_932570
942 _2lcc
_cBK
_n1
999 _c13265
_d13265